El Comunismo y la conciencia occidental / (Record no. 143753)

MARC details
000 -LEADER
campo de control de longitud fija 01010nam a2200301 i 4500
001 - NÚMERO DE CONTROL
campo de control 143753
003 - IDENTIFICADOR DE NÚMERO DE CONTROL
campo de control SpMaBN
005 - FECHA Y HORA DE LA ÚLTIMA TRANSACCIÓN
campo de control 20250727033931.0
008 - DATOS DE LONGITUD FIJA--INFORMACIÓN GENERAL
campo de control de longitud fija 891122s1951 ag spa
016 7# - NÚMERO DE CONTROL DE UNA AGENCIA BIBLIOGRÁFICA NACIONAL
Número de control del registro bimoBNE19910600332
Número de control cancelado/no válido SAB9000065553
Fuente SpMaBN
035 ## - NÚMERO DE CONTROL DEL SISTEMA
Número de control de sistema (OCoLC)48286003
040 ## - FUENTE DE CATALOGACIÓN
Centro catalogador/agencia de origen SpMaBN
Lengua de catalogación spa
Centro/agencia transcriptor SpMaBN
Normas de descripción rdc
Centro/agencia modificador ES-MaACL
080 ## - NÚMERO DE LA CLASIFICACIÓN DECIMAL UNIVERSAL
Número de la Clasificación Decimal Universal 330.85
080 ## - NÚMERO DE LA CLASIFICACIÓN DECIMAL UNIVERSAL
Número de la Clasificación Decimal Universal 141.82
100 ## - ENTRADA PRINCIPAL--NOMBRE DE PERSONA
Nombre de persona Sheen, Fulton J.
Fechas asociadas al nombre 1895-1979
Número de control del registro de autoridad o número normalizado XX820391
9 (RLIN) 227301
245 13 - MENCIÓN DEL TÍTULO
Título El Comunismo y la conciencia occidental /
Mención de responsabilidad, etc. Fulton J. Sheen ; versión castellana de León Mirlas
260 ## - PUBLICACIÓN, DISTRIBUCIÓN, ETC.
Lugar de publicación, distribución, etc. Buenos Aires :
Nombre del editor, distribuidor, etc. Espasa-Calpe Argentina,
Fecha de publicación, distribución, etc. 1951
300 ## - DESCRIPCIÓN FÍSICA
Extensión 212 p. ;
Dimensiones 22 cm
500 ## - NOTA GENERAL
Nota general Traducción de: Communism and the conscience of the west
504 ## - NOTA DE BIBLIOGRAFÍA, ETC.
Nota de bibliografía, etc. Bibliografía
650 #7 - PUNTO DE ACCESO ADICIONAL DE MATERIA--TÉRMINO DE MATERIA
Término de materia o nombre geográfico como elemento de entrada Comunismo
Fuente del encabezamiento o término embne
9 (RLIN) 11211
852 ## - LOCALIZACIÓN
Ubicación ES-MaACL
Sublocalización o colección R.31985
Ubicación en estantería Sala Valle Inclán
Número de control de estantería D-7776
itemnumber 148945
942 ## - ELEMENTOS DE ENTRADA SECUNDARIOS (KOHA)
Fuente del sistema de clasificación o colocación Clasificación decimal universal
Tipo de ítem Koha Libro impreso
956 ## - LOCALIZACIÓN Y ACCESO ELECTRÓNICOS LOCAL (OCLC)
Nombre del host 1
980 ## - EQUIVALENCIA O REFERENCIA-CRUZADA-MENCIÓN DE SERIE--NOMBRE DE PERSONA/TÍTULO [LOCAL, CANADÁ]
Nombre de persona SpMaBN
Numeración BNMADRID
Calificador de atribución 3/165817
Títulos y otros términos asociados al nombre SG_RECOLET
Holdings
Estatus retirado Estado de pérdida Fuente del sistema de clasificación o colocación Estado de daño No para préstamo Biblioteca de origen Biblioteca actual Ubicación en estantería Fecha de adquisición Total de préstamos Signatura topográfica completa Código de barras Visto por última vez Precio de reemplazo Tipo de ítem Koha
    Clasificación decimal universal     Biblioteca del Ateneo de Madrid Biblioteca del Ateneo de Madrid Sala Valle Inclán 17/01/2008   D-7776 901149562 23/02/2023 23/02/2023 Libro impreso